000 00768nam a2200205Ia 4500
008 000000[2011] pr a 0000000000mul00
090 _aPPR00 R15v
100 1 _aRamos, Villín
245 1 0 _aVillín Ramos
300 _a[26] p.
_c/ 26 cm.
500 _aExposición realizada en Viota Gallery de San Juan de Puerto Ricoen 2011 \ Texto en español e inglès
505 _aOBRAS: Koi Tinisso Hamas Kala Nutara Nerati Galik Khero PAdot Fegohi Massis Xora
600 0 0 _a RAMOS, VILLIN/
_xTRABAJOS PICTORICOS
650 1 4 _a PINTURA PUERTORRIQUEÑA
650 1 4 _aARTISTAS PLASTICOS PUERTORRIQUEÑOS
650 1 4 _xCATALOGOS
650 1 4 _xEXPOSICIONES
650 1 4 _aGEOMETRIA EN EL ARTE
999 _c14080
_d14080
260 _a<Puerto Rico> : Viota Gallery
_c2011